000 00484cam a2200193ua 4500
001 2575
008 110827n ii |||gr||||Z||||||asm
040 _cMAIN
082 _a410
100 1 _aPathak, Ramesh,
_eAuthor.
245 1 _aUpabhasa bigyanar bhumika
_cby Ramesh Pathak
250 _a1st.
260 _aGuahati:
_bAshok book stall,
_c2008.
300 _a178p:
_c23cm.
653 _aLanguage
653 _aAssamese language
653 _aUpabhasa bigyanar bhumika
942 _cBK
999 _c2428
_d2428